header

Identifying marks (Record no. 81810)

MARC details
000 -LEADER
fixed length control field 01459nam a2200373Ia 4500
082 04 - DEWEY DECIMAL CLASSIFICATION NUMBER
Classification number 810.9/3561
100 1# - MAIN ENTRY--AUTHOR NAME
Personal name Putzi, Jennifer.
245 10 - TITLE STATEMENT
Title Identifying marks
260 ## - PUBLICATION, DISTRIBUTION, ETC. (IMPRINT)
Place of publication Athens :
Name of publisher University of Georgia Press,
Year of publication c2006.
300 ## - PHYSICAL DESCRIPTION
Number of Pages xii, 195 p. :
Other physical details ill.
650 #0 - SUBJECT ADDED ENTRY--TOPICAL TERM
Topical Term American literature
Topical Term Branding (Punishment)
Topical Term Human body in literature.
Topical Term Race in literature.
Topical Term Sex role in literature.
Topical Term Tattooing
856 40 - ELECTRONIC LOCATION AND ACCESS
Uniform Resource Identifier http://site.ebrary.com/lib/rucke/Doc?id=10568904

No items available.

© 2026 Rongo University
Contact us: librarian | system librarian | Rongo university